书目信息 |
| 题名: |
摄影曝光控制
|
|
| 作者: | 刘国典 著 | |
| 分册: | ||
| 出版信息: | 北京 中国电影出版社 1984.6 |
|
| 页数: | 133页 | |
| 开本: | 20cm | |
| 丛书名: | ||
| 单 册: | ||
| 中图分类: | TB82 | |
| 科图分类: | ||
| 主题词: | 拍摄 | |
| 电子资源: | ||
| ISBN: | ||
| 000 | 00488nam0 2200181 45 | |
| 001 | 0312221749 | |
| 005 | 20060421102342.53 | |
| 010 | @dCNY0.90 | |
| 100 | @a20031222d1984 km y0chiy0120 ea | |
| 101 | @achi | |
| 200 | 1 | @a摄影曝光控制@AShe Ying Bao Guang Kong Zhi@f刘国典著@FLiu Guo Dian Zhu |
| 210 | @a北京@c中国电影出版社@d1984.6 | |
| 215 | @a133页@d20cm | |
| 606 | 0 | @a拍摄 |
| 690 | @aTB82@v3 | |
| 701 | 0 | @a刘国典@4著 |
| 801 | @aCN@bTSTCL@c20060421 | |
| 905 | @a213230@dTB82@e111@b153965@f1 | |
| 摄影曝光控制/刘国典著.-北京:中国电影出版社,1984.6 |
| 133页;20cm |
| ISBN :CNY0.90 |
| ● |
| 相关链接 |
|
|
|
|
正题名:摄影曝光控制
索取号:TB82/111
 
预约/预借
| 序号 | 登录号 | 条形码 | 馆藏地/架位号 | 状态 | 备注 |
| 1 | 0153965 | 001360958 | 第三借阅区/ [索取号:TB82/111] | 在馆 | |
| 2 | 0153966 | 202246051 | 密集书库/ [索取号:TB82/111] | 在馆 |